| 000 | 00822nam a22002657a 4500 | ||
|---|---|---|---|
| 001 | BR2018000678 | ||
| 003 | BR-BrBNA | ||
| 005 | 20230928105237.0 | ||
| 007 | ta | ||
| 008 | 230509b bl.||||| |||| 00| 0 por d | ||
| 040 |
_aBR-BrBNA _bpor _cBiblioteca Nacional de Agricultura |
||
| 041 | _a(Por) | ||
| 072 | _aE12; K10 | ||
| 090 | _ E12 BR2018000678 | ||
| 110 | 1 |
_aInstituto de Manejo e Certificação Florestal e Agrícola, Piracicaba, SP (Brasil) _96054 |
|
| 245 | 1 | _aCertificação florestal FSC: para trabalhadores florestais | |
| 260 | 3 |
_aPiracicaba, SP (Brasil): _c2004. |
|
| 300 | _a24 p. | ||
| 650 | _aCERTIFICAÇÃO DE PRODUTO | ||
| 650 | _aADMINISTRAÇÃO FLORESTAL | ||
| 650 | _aECONOMIA FLORESTAL | ||
| 650 | _aDESENVOLVIMENTO SUSTENTÁVEL | ||
| 909 |
_a202309 _bLucia _c55 _dLucia Elande |
||
| 942 | _cBK | ||
| 999 |
_c84241 _d84241 |
||